A journey through ancient Egypt
Saved in:
Format: Book
Language: Undetermined
Published:
London
Brockhampton press
1998
Subjects:
Tags: Add Tag
No Tags, Be the first to tag this record!
Call Number:
| LEADER | 00495nam a2200169Ia 4500 | ||
|---|---|---|---|
| 005 | 20250515095719.0 | ||
| 008 | 250515s9999||||xx |||||||||||||| ||und|| | ||
| 020 | |a 9781860198328 | ||
| 245 | 1 | 2 | |a A journey through ancient Egypt |
| 264 | 1 | |a London |b Brockhampton press |c 1998 | |
| 300 | |a 123 |b ill., carte. |c 24 | ||
| 650 | 4 | |a Civilization | |
| 650 | 4 | |a Egypt Civilization 332 B.C.-638 A.D | |
| 650 | 4 | |a Egypt Civilization To 332 B.C | |
| 650 | 4 | |a Egypt In literature | |
| 942 | |2 lcc |c BK | ||
| 999 | |c 60943 |d 60943 | ||
